=LDR 00000nam 2200000 4500 =001 INLIS000000000012489 =005 20130612104015 =008 ***********************************Ind** =035 ##$$0010-061300000012489 =041 ##$$a Ind =082 ##$$a 400 =090 ##$$a 400, Anw f =100 ##$$a Anwan, Khaidir =245 ##$$a Fungsi dan peranan bahasa sebuah pengantar, Dr. Khadir Anwai =260 ##$$a 1990 $b Yogyakarta =300 ##$$a 99 hlm., 21 cm =650 ##$$a Bahasa =850 ##$$a NBPNMAT